[Event "Floripa Chess Open 2024"]
[Site "Florianopolis"]
[Date "2024.01.25"]
[Round "7.102"]
[White "Do Carmo, Gabriel Carckeno"]
[Black "Paula Pinto, Mateus Arsenio"]
[Result "1-0"]
[WhiteElo "1869"]
[BlackElo "1640"]
[PlyCount "49"]
[EventDate "2024.01.20"]
[EventRounds "10"]
[EventCountry "BRA"]

1. e4 e5 2. Nf3 Nc6 3. Bb5 Nf6 4. d3 Bc5 5. c3 O-O 6. O-O Re8 7. Bg5 a6 8. Ba4
b5 9. Bc2 h6 10. Bh4 Be7 11. a4 $146 ({RR} 11. Re1 d5 12. Nbd2 dxe4 13. dxe4
Nh5 14. Bg3 Nxg3 15. hxg3 Be6 16. Qe2 Bc5 17. a4 Rb8 18. axb5 axb5 19. b4 Bd6
20. Bd3 Bd7 21. Nb3 Qe7 22. Nh4 g6 23. Ra6 Kg7 24. Nd2 Nd8 25. Nf1 Ne6 {
Kosteniuk,A (2495)-Zimina,O (2337) Rhodes 2013 1-0 (47)}) ({RR} 11. h3 d6 12.
Nbd2 Nh7 13. Bg3 Be6 14. d4 exd4 15. cxd4 d5 16. e5 Qd7 17. Rc1 Nf8 18. Bb1
Rac8 19. Re1 Na5 20. Nf1 Ng6 21. Bxg6 fxg6 22. Ne3 Nc4 23. b3 Nxe3 24. Rxe3 g5
25. Nh2 c5 {Osuna Vega,E (2050)-Tarasova,V (2226) chess.com INT 2023 0-1 (36)})
11... Bb7 12. Na3 b4 13. Nc4 d6 14. Ne3 g6 15. a5 Bc8 16. Ba4 Bd7 17. Rc1 bxc3
18. Rxc3 Nxa5 19. Bxf6 Bxf6 20. b4 Nb7 21. Bxd7 Qxd7 22. Nd5 Bd8 23. Rxc7 Qb5
24. Qb3 Nc5 25. Nf6+ 1-0

[Event "Floripa Chess Open 2024"]
[Site "Florianopolis"]
[Date "2024.01.25"]
[Round "7.103"]
[White "Bonilla Viamonte, Diego Armando"]
[Black "Cardoso, Leandro Ubialli"]
[Result "0-1"]
[WhiteElo "1620"]
[BlackElo "1842"]
[PlyCount "76"]
[EventDate "2024.01.20"]
[EventRounds "10"]
[EventCountry "BRA"]

1. e4 c5 2. c4 Nc6 3. Nc3 g6 4. g3 Bg7 5. Bg2 e6 6. Nge2 Nge7 7. O-O O-O 8. d3
a6 9. Be3 Nd4 10. f4 ({RR} 10. Qd2 d6 11. Bh6 Rb8 12. Bxg7 Kxg7 13. b4 b5 14.
cxb5 axb5 15. Rfc1 Nec6 16. Nxd4 Nxd4 17. Ne2 Nxe2+ 18. Qxe2 cxb4 19. Qb2+ e5
20. d4 Qf6 21. dxe5 dxe5 22. Qxb4 Be6 23. Rc5 Rfd8 24. Rxb5 Rxb5 {Miezis,N  
(2534)-Novik,M (2462) Finland 2011 1/2-1/2}) 10... Rb8 11. a4 b6 $146 ({RR} 
11... Nec6 12. e5 d6 13. Ne4 dxe5 14. Nxc5 Nf5 15. Bc1 Qb6 {0-1 (15) Mirza,D  
(1973)-Murray,D (2126) Dublin IRL 2019}) ({RR} 11... d6 12. Rb1 Nec6 13. h3 Qc7
14. g4 f5 15. Ng3 b5 16. axb5 axb5 17. cxb5 Nxb5 18. Nxb5 Rxb5 19. exf5 gxf5
20. Qa4 Nd4 21. b4 Bd7 22. Rfc1 fxg4 23. hxg4 Rfb8 24. Qa3 Bc6 25. Qa2 Bxg2 26.
Kxg2 {Hora,M (1552)-Ortiz,A (1945) Buenos Aires ARG 2022 0-1 (32)}) 12. g4 f5
13. g5 Bb7 14. e5 Bxg2 15. Kxg2 Nec6 16. Bxd4 cxd4 17. Na2 d6 18. exd6 Qxd6 19.
Qd2 e5 20. b4 exf4 21. Nxf4 Ne5 22. h3 Qc6+ 23. Nd5 b5 24. axb5 axb5 25. Kg1
Rfe8 26. Rac1 bxc4 27. dxc4 Nxc4 28. Qg2 Rbc8 29. Rfe1 Kf8 30. Kh1 Rcd8 31. Ne3
Qxg2+ 32. Nxg2 Rxe1+ 33. Nxe1 Nb2 34. Rc2 d3 35. Rd2 Ra8 36. Nxd3 Nxd3 37. Rxd3
Rxa2 38. Rb3 Rb2 0-1

[Event "Floripa Chess Open 2024"]
[Site "Florianopolis"]
[Date "2024.01.25"]
[Round "7.104"]
[White "Medeiros, Thauane Ferreira"]
[Black "De Souza, Samuel B Ornelas"]
[Result "1/2-1/2"]
[WhiteElo "1842"]
[BlackElo "1639"]
[PlyCount "49"]
[EventDate "2024.01.20"]
[EventRounds "10"]
[EventCountry "BRA"]

1. d4 Nf6 2. Nf3 c5 3. d5 b5 4. e4 Nxe4 5. Bd3 Qa5+ 6. Nc3 ({RR} 6. Nbd2 Nd6 7.
O-O c4 8. Ne4 Nxe4 9. Bxe4 d6 10. Nd4 g6 11. Re1 Bg7 12. Bg5 Qb6 13. c3 O-O 14.
Bxe7 Re8 15. Bf3 Bd7 16. Qd2 Na6 17. Nc6 Nc5 18. Bxd6 Nd3 19. Rxe8+ Rxe8 20. h3
a5 {Le,Q (2709)-Firouzja,A (2759) chess24.com INT 2021 1-0 (32)}) ({RR} 6. c3
Nf6 7. O-O Bb7 8. c4 bxc4 9. Bxc4 e6 10. dxe6 fxe6 11. Ng5 Be7 12. Bxe6 dxe6
13. Nxe6 g6 14. Bf4 Nbd7 15. Nc3 Qb6 16. Re1 h6 17. Nb5 Kf7 18. Bd6 Qxb5 19.
Bxe7 Rhe8 20. Bxf6 Nxf6 {Gatterer,F (2170)-Kazakouski,V (2593) chess.com INT
2024 0-1}) 6... Nxc3 7. bxc3 c4 8. Be4 d6 $146 ({RR} 8... Qxc3+ 9. Bd2 Qa3 10.
O-O d6 11. Re1 a6 12. Nd4 Qc5 13. Bg5 Nd7 14. Kh1 Nf6 15. Bf3 Bd7 16. c3 Nxd5
17. Nf5 Bxf5 18. Bxd5 Rc8 19. Qf3 Be6 20. Rad1 Bxd5 21. Rxd5 Qc7 22. h4 e6 23.
h5 {Skurikhin,D (2297)-Seo,J (2455) chess.com INT 2021 0-1}) 9. O-O g6 10. Qd4
Rg8 11. Ng5 Bg7 12. Qe3 Qxc3 13. Rb1 Qxe3 14. Bxe3 Bd7 15. Nxh7 Na6 16. Ng5 Bf6
17. Bf3 Bxg5 18. Bxg5 f6 19. Be3 Rc8 20. Bxa7 Nc5 21. Rfe1 Kf7 22. Re3 Rge8 23.
h4 Ra8 24. Bxc5 dxc5 25. a3 1/2-1/2

[Event "Floripa Chess Open 2024"]
[Site "Florianopolis"]
[Date "2024.01.25"]
[Round "7.105"]
[White "De Oliveira, Jairo Quintiliano"]
[Black "Miranda, Catarina Oliveira"]
[Result "1-0"]
[WhiteElo "1840"]
[BlackElo "1620"]
[PlyCount "99"]
[EventDate "2024.01.20"]
[EventRounds "10"]
[EventCountry "BRA"]

1. e4 c5 2. Nf3 e6 3. Nc3 a6 4. d4 cxd4 5. Nxd4 Nc6 6. Be3 Nf6 7. Nxc6 bxc6 8.
e5 Nd5 9. Nxd5 cxd5 10. Qd2 ({RR} 10. Qd4 Bb7 11. Bd3 Rc8 12. O-O Qc7 13. c3
Bc5 14. Qxc5 Qxc5 15. Bxc5 Rxc5 16. f4 Ke7 17. Kf2 a5 18. Ke3 Rc6 19. Rfc1 Rb8
20. b3 Ba6 21. Bxa6 Rxa6 22. c4 a4 23. cxd5 exd5 24. Rab1 axb3 {Yu Yangyi  
(2759)-Svidler,P (2753) Shenzhen CHN 2018 1/2-1/2 (32)}) ({RR} 10. Bd3 Qc7 11.
Qh5 g6 12. Qg5 Bg7 13. Bf4 d6 14. exd6 Qd7 15. Be5 O-O 16. Bxg7 Kxg7 17. Qg3
Rd8 18. f4 Qxd6 19. Qf2 Rb8 20. O-O-O Qb6 21. Qxb6 Rxb6 22. Rhe1 a5 23. b3 a4
24. Kb2 Bd7 {Mouhamad,J (2244)-Terekhov,A (2336) Noisiel FRA 2023 1-0 (49)})
10... Be7 11. Be2 $146 ({RR} 11. Bd3 O-O 12. O-O d6 13. f4 Bb7 14. Bd4 Qc7 15.
c3 dxe5 16. fxe5 Bc5 17. Rac1 Rac8 18. Kh1 Bxd4 19. cxd4 Qb6 20. b3 g6 {
1/2-1/2 (20) Gonzalez,F-Martin Hernandez,V Madrid 1997}) 11... Rb8 12. Bd4 O-O
13. O-O f6 14. f4 d6 15. Qe3 Qc7 16. Bd3 Bd7 17. Bxa6 Qxc2 18. Bd3 Qc7 19. Rac1
Qd8 20. Qh3 h6 21. Qg3 Be8 22. a3 Kh8 23. b4 Ra8 24. Bc2 dxe5 25. fxe5 f5 26.
Ra1 Bb5 27. Rfb1 Qc7 28. Bb3 Bc4 29. Bxc4 Qxc4 30. Qc3 Rfc8 31. Qb2 Qc2 32. Rc1
Qxb2 33. Bxb2 Bg5 34. Rxc8+ Rxc8 35. Bd4 Rc4 36. Bc5 d4 37. Kf1 d3 38. Rd1 d2
39. Ke2 Re4+ 40. Kd3 Rxe5 41. a4 Kg8 42. a5 Kf7 43. a6 Rd5+ 44. Ke2 e5 45. a7
Rd8 46. b5 Ra8 47. b6 e4 48. b7 Rxa7 49. Bxa7 Bf4 50. b8=Q 1-0

[Event "Floripa Chess Open 2024"]
[Site "Florianopolis"]
[Date "2024.01.25"]
[Round "7.106"]
[White "Nunes, Agatha Hurba"]
[Black "Morioka, Felipe Yukio"]
[Result "1-0"]
[WhiteElo "1840"]
[BlackElo "1612"]
[PlyCount "79"]
[EventDate "2024.01.20"]
[EventRounds "10"]
[EventCountry "BRA"]

1. d4 Nf6 2. c4 g6 3. Nc3 Bg7 4. e4 d6 5. Nf3 O-O 6. Be2 e5 7. d5 a5 8. O-O Na6
9. Bg5 h6 10. Bh4 g5 11. Bg3 Nh5 12. Nd2 Nf4 13. a3 ({RR} 13. Bg4 Bxg4 14. Qxg4
h5 15. Qf5 Ng6 16. h3 Bh6 17. Nb3 Nb4 18. a3 Nd3 19. Qf3 Ndf4 20. Bxf4 Nxf4 21.
Ne2 Qf6 22. Rad1 Qg6 23. g4 Qf6 24. Nxf4 Qxf4 25. Kg2 Bg7 26. Nc1 a4 27. Nd3
Qxf3+ {Vorontsov,P (2492)-Morovic Fernandez,I (2535) Matanzas 2017 1-0 (87)})
13... Nc5 $146 ({RR} 13... Nxe2+ 14. Qxe2 f5 15. exf5 Bxf5 16. Nde4 Qe7 17. f3
c5 18. dxc6 bxc6 19. Rfd1 Rfd8 20. Bf2 Be6 21. Bb6 Rd7 22. b4 d5 23. Nc5 Nxc5
24. Bxc5 Qd8 25. cxd5 cxd5 26. Rac1 axb4 27. Bxb4 Qb6+ 28. Qf2 {Piccirillo,E  
(2111)-Sfera,M (1893) Bratto 2008 0-1 (39)}) ({RR} 13... Bd7 14. b3 f5 15. Rb1
Nxe2+ 16. Qxe2 f4 17. f3 fxg3 18. hxg3 g4 19. Kf2 Qg5 20. Rh1 Nc5 21. b4 axb4
22. axb4 Na4 23. Nd1 b5 24. Nf1 Rf6 25. Ra1 Raf8 26. Nh2 bxc4 27. Ne3 gxf3 28.
gxf3 {Chalmeta Ugas,J (2158)-Barcelo Tizon,C (2050) Barcelona ESP 2023 1-0 (48)
}) 14. b4 axb4 15. axb4 Rxa1 16. Qxa1 Nd7 17. Bg4 Nf6 18. Bxc8 Qxc8 19. f3 h5
20. c5 h4 21. Bf2 Nd3 22. Qb1 Nxf2 23. Rxf2 g4 24. fxg4 Nxg4 25. Rf3 Bh6 26.
Nc4 Qd8 27. Qf1 Bf4 28. Rxf4 exf4 29. Qxf4 Ne5 30. Nxe5 dxe5 31. Qxe5 Re8 32.
Qf4 Qe7 33. d6 cxd6 34. cxd6 Qd8 35. Nd5 Re6 36. e5 Kg7 37. Qd4 Qg5 38. Nf4 Re8
39. e6+ Kg8 40. e7 1-0

[Event "Floripa Chess Open 2024"]
[Site "Florianopolis"]
[Date "2024.01.25"]
[Round "7.107"]
[White "Perondi, Rodolfo Antonio"]
[Black "De Oliveira, Matheus Tavares"]
[Result "0-1"]
[WhiteElo "1840"]
[BlackElo "1612"]
[PlyCount "62"]
[EventDate "2024.01.20"]
[EventRounds "10"]
[EventCountry "BRA"]

1. e4 e5 2. Nf3 Nf6 3. Nc3 Nc6 4. d4 exd4 5. Nxd4 Bb4 6. Nxc6 bxc6 7. Bd3 d5 8.
exd5 cxd5 9. O-O O-O 10. Bg5 Be6 11. Bxf6 Qxf6 12. Nb5 Ba5 13. c3 c5 14. Na3
$146 ({RR} 14. Re1 Rfb8 15. Rb1 c4 16. Bxh7+ Kxh7 17. Nd4 Bb6 18. Qh5+ Kg8 19.
Nf3 Qf5 20. Qh4 Qg4 21. Qe7 Re8 22. Qd6 Rad8 23. Qc6 Qf5 24. Rbd1 g5 25. Re5
Qc2 26. Rd2 Qb1+ 27. Ne1 Kf8 28. Kf1 Qg6 {Pham,M-Le,H Vung Tau 2005 0-1 (36)})
14... Rab8 15. Qa4 Qd8 16. Rab1 c4 17. b4 Bc7 18. Be2 Qf6 19. Rfe1 Bb6 20. Bf3
Qxc3 21. Rbd1 Qf6 22. Nc2 d4 23. Qc6 Rbc8 24. Qb5 Rfd8 25. Bb7 Rb8 26. Qc6 d3
27. Ne3 c3 28. Ba6 d2 29. Re2 Bxa2 30. Qa4 Be6 31. Qc6 Bb3 0-1

[Event "Floripa Chess Open 2024"]
[Site "Florianopolis"]
[Date "2024.01.25"]
[Round "7.109"]
[White "Moritz, Diego Homrich"]
[Black "Orlandi Neto, Aristides"]
[Result "1-0"]
[WhiteElo "1832"]
[BlackElo "1592"]
[PlyCount "79"]
[EventDate "2024.01.20"]
[EventRounds "10"]
[EventCountry "BRA"]

1. d4 d5 2. Nf3 Nf6 3. e3 e6 4. Bd3 c5 5. b3 Be7 6. Nbd2 Nc6 7. Bb2 O-O 8. O-O
b6 9. Ne5 Nxe5 10. dxe5 Nd7 11. f4 f5 12. exf6 Bxf6 13. Qh5 h6 14. Be5 $146 ({
RR} 14. Bxf6 Nxf6 15. Qe2 Bd7 16. Nf3 Qc7 17. Ne5 Rac8 18. Qf3 Be8 19. Qh3 Qd6
20. g4 Nd7 21. g5 Nxe5 22. fxe5 Rxf1+ 23. Rxf1 Qxe5 24. gxh6 Qg5+ 25. Kh1 Qxh6
26. Qxh6 gxh6 27. Rf6 Bf7 28. Rxh6 c4 {Held,P (2155)-Rahls,P (2308) Berlin
2001 0-1 (50)}) 14... Qe8 15. Bg6 Qe7 16. Nf3 Ba6 17. Rf2 Rfd8 18. c3 Bxe5 19.
fxe5 Nf8 20. Bc2 Nd7 21. Qg6 Nf8 22. Qh5 Bb5 23. Nh4 Be8 24. Qg4 g5 25. Raf1
Bd7 26. Rf6 Kg7 27. Ng6 Qe8 28. Rxf8 Qxf8 29. Nxf8 Rxf8 30. Qh5 Rxf1+ 31. Kxf1
Rf8+ 32. Ke1 Be8 33. Qg4 Bd7 34. h4 Kf7 35. Qh5+ Ke7 36. hxg5 Bb5 37. gxh6 Rf1+
38. Kd2 Rf2+ 39. Kc1 Be2 40. Qh4+ 1-0

[Event "Floripa Chess Open 2024"]
[Site "Florianopolis"]
[Date "2024.01.25"]
[Round "7.110"]
[White "Pimenta, Elisandro Da Silva"]
[Black "Santos, Marcos Correia"]
[Result "1-0"]
[WhiteElo "1829"]
[BlackElo "1564"]
[PlyCount "119"]
[EventDate "2024.01.20"]
[EventRounds "10"]
[EventCountry "BRA"]

1. b3 d5 2. Bb2 c5 3. e3 a6 4. Nf3 Nc6 5. d4 e6 6. dxc5 ({RR} 6. a3 Nf6 7. Bd3
cxd4 8. exd4 Bd6 9. O-O O-O 10. Ne5 Bd7 11. Nd2 b5 12. Ndf3 Be8 13. Nxc6 Bxc6
14. Ne5 Be8 15. Qe2 Nd7 16. f4 f5 17. Nf3 Bf7 18. Ng5 Re8 19. g4 Nf6 20. gxf5
exf5 {Sokolovsky,Y (2388)-Todorovic,B (2222) chess.com INT 2022 0-1 (31)}) 6...
Qa5+ ({RR} 6... Nf6 7. c4 Bxc5 8. cxd5 exd5 9. Be2 O-O 10. O-O Ba7 11. Nc3 Qd6
12. Rc1 Re8 13. Na4 Ne4 14. Nd2 Qg6 15. Nxe4 dxe4 16. Kh1 Qg5 17. Nc3 Bf5 18.
Qd6 Bb8 19. Qd5 Rd8 20. Qc5 Ba7 21. Qc4 {Abdusattorov,N (2634)-Hansen,S (2528)
chess.com INT 2021 0-1}) 7. Nbd2 $146 ({RR} 7. Qd2 Qxc5 8. Ba3 Qb6 9. Bxf8 Kxf8
10. c4 dxc4 11. Bxc4 Nge7 12. O-O f6 13. Nc3 Kf7 14. Ne4 Rd8 15. Nd6+ Kf8 16.
Nxc8 Raxc8 17. Qe2 Na5 18. Bd3 g6 19. Rac1 Qd6 20. Rxc8 Nxc8 21. Rd1 b5 {
Seppaenen,J-Kaunonen,J Jyvaskyla 2008 0-1 (61)}) 7... Qxc5 8. Be2 Nf6 9. O-O
Be7 10. c4 O-O 11. Rc1 Qa7 12. cxd5 Nxd5 13. Ne4 Rd8 14. Qc2 Bd7 15. Rfd1 Ncb4
16. Qb1 Rac8 17. a3 Rxc1 18. Rxc1 Nc6 19. Bd3 h6 20. b4 Nb8 21. Bd4 Qa8 22. Qb2
Bf8 23. Nc5 Nc6 24. Be4 Nxd4 25. Nxd4 Nf6 26. Bxb7 Qa7 27. Bf3 a5 28. Nxd7 Qxd7
29. Nc6 Qd2 30. Qxd2 Rxd2 31. Nxa5 Ra2 32. Nc4 Nd5 33. Kf1 Bxb4 34. axb4 Nxb4
35. Rb1 Na6 36. g3 Kf8 37. Be2 Nc5 38. f3 Na4 39. h4 Ke7 40. e4 Kf6 41. Rc1 Ke7
42. Kf2 Nc5 43. Ke3 Nb3 44. Rc3 Nc5 45. f4 Na4 46. Rc1 Nc5 47. Bf3 Ra4 48. Rc3
Ra2 49. Ne5 Na6 50. Be2 Ra1 51. Bxa6 Rxa6 52. Rc7+ Kf8 53. Rxf7+ Kg8 54. Rd7
Ra3+ 55. Kf2 Ra4 56. h5 Ra8 57. Re7 Kh7 58. Rxe6 Rf8 59. f5 Rf6 60. Rxf6 1-0

[Event "Floripa Chess Open 2024"]
[Site "Florianopolis"]
[Date "2024.01.25"]
[Round "7.111"]
[White "Barbosa, Flavio Novais"]
[Black "Mauro, Roberto Da Silva"]
[Result "1-0"]
[WhiteElo "1827"]
[BlackElo "1562"]
[PlyCount "63"]
[EventDate "2024.01.20"]
[EventRounds "10"]
[EventCountry "BRA"]

1. d4 d5 2. c4 e6 3. Nf3 Nf6 4. g3 Bb4+ 5. Bd2 Be7 6. Bg2 O-O 7. Qc2 Nc6 ({RR} 
7... c6 8. Bf4 b6 9. Nbd2 Bb7 10. e4 Nxe4 11. Nxe4 dxe4 12. Qxe4 Nd7 13. O-O
Nf6 14. Qe2 c5 15. Rad1 cxd4 16. Nxd4 Qc8 17. b3 a6 18. Rd2 Bb4 19. Rd3 Re8 {
1/2-1/2 (19) Dubov,D (2708)-Andreikin,D (2729) Almaty KAZ 2022}) ({RR} 7...
Nbd7 8. Bc3 c6 9. Nbd2 b5 10. b3 a5 11. O-O Ba6 12. Rfc1 Ba3 13. Bb2 Bxb2 14.
Qxb2 bxc4 15. bxc4 Nb6 16. Ne5 Rc8 17. Rab1 Nbd7 18. cxd5 Nxe5 19. dxe5 Nxd5
20. Ne4 Rb8 21. Qxb8 Qxb8 22. Rxb8 {Sevian,S (2687)-Makarian,R (2562) chess.
com INT 2023 1-0 (47)}) 8. O-O Rb8 $146 ({RR} 8... Nb4 9. Bxb4 Bxb4 10. a3 Be7
11. Nbd2 Bd7 12. Rac1 c6 13. e4 dxe4 14. Nxe4 Nxe4 15. Qxe4 Bf6 16. Rfd1 Qa5
17. Ne5 Rad8 18. Rd3 g6 19. Rcd1 Bc8 20. b4 Qa4 21. f4 Bg7 22. Qe2 f6 23. Nf3 {
Bourgeois,W (1926)-Garcia,F Buenos Aires 2013 0-1 (58)}) ({RR} 8... Ne4 9. Bc3
Bf6 10. Rd1 Re8 11. b3 Nxc3 12. Nxc3 Nb4 13. Qb2 c6 14. Rac1 g6 15. e4 Bg7 16.
a3 Na6 17. Qa2 Nc7 18. e5 Qe7 19. b4 Bd7 20. c5 b5 21. Qb2 a5 22. Ra1 Reb8 23.
Nd2 {Thorgeirsson,S (2176)-Verdon,N Vancouver 2010 1-0 (59)}) 9. Rd1 Qe8 10.
Bf4 Bd6 11. Ne5 Nb4 12. Qb3 b5 13. c5 a5 14. cxd6 cxd6 15. Nd3 Nc6 16. Be3 Bd7
17. Nf4 a4 18. Qd3 Na5 19. b4 Nc4 20. Bc1 Bc6 21. Nd2 e5 22. dxe5 dxe5 23. Nxd5
Bxd5 24. Bxd5 Nxd2 25. Rxd2 e4 26. Qc3 Rc8 27. Qb2 e3 28. Rd3 exf2+ 29. Kxf2
Nxd5 30. Rxd5 Qe4 31. Qd4 Qh1 32. Qxg7+ 1-0

[Event "Floripa Chess Open 2024"]
[Site "Florianopolis"]
[Date "2024.01.25"]
[Round "7.112"]
[White "Cunha, Rodrigo Azalim"]
[Black "Ribeiro, Regina"]
[Result "0-1"]
[WhiteElo "1540"]
[BlackElo "1822"]
[PlyCount "66"]
[EventDate "2024.01.20"]
[EventRounds "10"]
[EventCountry "BRA"]

1. e4 c5 2. Nc3 Nc6 3. g3 g6 4. Bg2 Bg7 5. d3 e6 6. Be3 Nd4 7. Qd2 Ne7 8. Rb1 (
{RR} 8. h4 Nec6 9. Nd1 e5 10. c3 Ne6 11. Bh6 d6 12. Bxg7 Nxg7 13. Ne3 Be6 14.
Ne2 Qa5 15. O-O O-O 16. Nd5 Bxd5 17. exd5 Ne7 18. f4 Rad8 19. Rf2 f6 20. a3
Ngf5 21. Raf1 c4 22. dxc4 Qc5 {Majdan,J (2371)-Socko,M (2458) Poland POL 2018
1/2-1/2 (47)}) ({RR} 8. O-O-O h5 9. h4 Rb8 10. Nge2 b5 11. Bf4 d6 12. Nxd4 cxd4
13. Ne2 e5 14. Bg5 f6 15. f4 fxg5 16. fxe5 dxe5 17. Qxg5 Bg4 18. Rde1 O-O 19.
Bh3 Bxh3 20. Rxh3 Kh7 21. g4 Bh6 {0-1 (21) Da Paz,L (2033)-Ruiz Aguilar,P  
(2171) chess.com INT 2022}) 8... d5 $146 ({RR} 8... O-O 9. Nce2 d5 10. exd5
Nxd5 11. Nxd4 cxd4 12. Bh6 Bxh6 13. Qxh6 Qa5+ 14. Kd1 Qxa2 15. Kc1 Bd7 16. Nf3
Rac8 17. Ng5 Nf6 18. h4 Ba4 19. c4 Qb3 20. Kd2 Qc2+ 21. Ke1 Qxb1+ 22. Ke2 Qc2+
23. Ke1 {Wegerer,J-Lanc,A (2445) Loosdorf 1993 0-1}) 9. Nge2 O-O 10. O-O Nxe2+
11. Nxe2 d4 12. Bh6 e5 13. Bxg7 Kxg7 14. f4 Nc6 15. f5 f6 16. h4 Bd7 17. g4 b5
18. Ng3 Qa5 19. Qc1 Qxa2 20. b3 Qa5 21. g5 Qd8 22. fxg6 hxg6 23. h5 Rc8 24. Qd2
Bg4 25. h6+ Kh7 26. gxf6 Rxf6 27. Rxf6 Qxf6 28. Rf1 Qe7 29. Nf5 gxf5 30. exf5
Qf6 31. Rf2 Rg8 32. Bxc6 Bf3+ 33. Kf1 Bxc6 0-1

[Event "Floripa Chess Open 2024"]
[Site "Florianopolis"]
[Date "2024.01.25"]
[Round "7.113"]
[White "Barbosa, Rafael Santos"]
[Black "Marques Junior, Marcos Antonio"]
[Result "0-1"]
[WhiteElo "1524"]
[BlackElo "1818"]
[PlyCount "89"]
[EventDate "2024.01.20"]
[EventRounds "10"]
[EventCountry "BRA"]

1. d4 d5 2. c4 e6 3. Nc3 c5 4. cxd5 exd5 5. Nf3 Nc6 6. e3 Nf6 7. Be2 a6 8. a3
cxd4 9. Nxd4 Bd6 10. O-O O-O 11. Bf3 Ne5 $146 ({RR} 11... Be5 12. Nce2 Qd6 13.
h3 Ne4 14. Nxc6 Qxc6 15. Nf4 Be6 16. Nxe6 Qxe6 17. Rb1 Rfd8 18. Bd2 Qf6 19. Qe2
a5 20. Rfd1 Bxb2 21. Bxa5 Rxa5 22. Bxe4 Bxa3 23. Qd3 g6 24. Rxb7 Bf8 25. Bf3
Ra3 26. Qb5 {Hernandez Onna,R (2460)-Estevez Morales,G (2430) Cuba 1984 1/2-1/
2 (33)}) ({RR} 11... Be5 12. Qd3 Re8 13. Rd1 Bc7 14. Qc2 Ne5 15. Be2 Qd6 16. g3
Bd7 17. e4 dxe4 18. Bf4 Bc6 19. Rac1 Bb6 20. Nxc6 Qxc6 21. Qb3 e3 22. Nd5 exf2+
23. Kg2 Bc5 24. Kf1 Rac8 25. Be3 Ne4 26. Bxc5 {Kuzubov,Y (2628)-Ragger,M (2680)
Martuni 2013 0-1}) ({RR} 11... Bb8 12. Nce2 Re8 13. Bd2 Ng4 14. g3 Nge5 15. Bg2
Bg4 16. Qb3 Ba7 17. Bc3 Nxd4 18. Nxd4 Bxd4 19. exd4 Nf3+ 20. Kh1 Qg5 21. Bb4
Qh5 22. h4 g5 23. Bxf3 Bxf3+ 24. Kh2 Re4 {0-1 (24) Ragger,M (2601)-Mamedov,R  
(2651) Zagreb CRO 2023}) ({RR} 11... Re8 12. Nxc6 bxc6 13. Qa4 Bd7 14. Bd2 a5 {
1/2-1/2 (14) Ioseliani,N (2470)-Stein,B (2370) Gausdal 1991}) 12. Nce2 Re8 13.
b3 Bc7 14. Ng3 Nxf3+ 15. Nxf3 Ne4 16. Nxe4 dxe4 17. Qxd8 Rxd8 18. Nd4 Bd7 19.
Bb2 Be5 20. Rac1 Rac8 21. Rxc8 Rxc8 22. Rc1 f6 23. Rxc8+ Bxc8 24. h3 h5 25. Kf1
Kf7 26. Bc3 Bd6 27. b4 Be5 28. Ne2 Ke6 29. Bxe5 Kxe5 30. Nc3 h4 31. Kg1 g5 32.
Kh2 Bd7 33. Kg1 f5 34. Kh2 f4 35. Kg1 f3 36. Kh2 Be6 37. g4 Bb3 38. Kg1 Bc4 39.
Kh1 Bf1 40. Kh2 b5 41. Kg1 Bxh3 42. Kh2 Bxg4 43. Kg1 Be6 44. Kh2 g4 45. Kg1 0-1

[Event "Floripa Chess Open 2024"]
[Site "Florianopolis"]
[Date "2024.01.25"]
[Round "7.114"]
[White "Menezes, Jose Eduardo Carnei"]
[Black "Elesbao, Bernardo Dartora"]
[Result "0-1"]
[WhiteElo "1813"]
[BlackElo "1551"]
[PlyCount "149"]
[EventDate "2024.01.20"]
[EventRounds "10"]
[EventCountry "BRA"]

1. d4 {Huebner,R} d5 2. Nf3 Nf6 3. g3 Bf5 4. Bg2 e6 5. O-O Bd6 6. b3 c6 7. Bb2
h6 8. Nbd2 O-O 9. c4 Nbd7 10. Rc1 ({RR} 10. a3 a5 11. c5 Bc7 12. b4 a4 13. Re1
Ne4 14. Nxe4 Bxe4 15. Bf1 Bh7 16. e3 Re8 17. Rc1 e5 18. Nxe5 Nxe5 19. dxe5 Bxe5
20. Bxe5 Rxe5 21. Qd4 Re4 22. Qb2 Qd7 23. Red1 Rae8 24. Rd4 Rxd4 {Vaulin,A  
(2485)-Mukhametov,E (2485) Omsk 1996 CBM 057 [Huebner,R] 1-0 (45)}) 10... Re8 (
{RR} 10... Qe7 11. e3 Ba3 12. Bxa3 Qxa3 13. Ra1 a5 14. Qc1 Qe7 15. a3 Rfc8 16.
Qb2 b5 17. Ne5 Nxe5 18. dxe5 Nd7 19. e4 dxe4 20. Nxe4 Bxe4 21. Bxe4 bxc4 22.
bxc4 Qc5 23. Qe2 Nxe5 24. Rfe1 Rab8 25. Qh5 {Safin,R (2283)-Aitbayev,A (2475)
chess.com INT 2021 0-1 (45)}) 11. e3 $146 ({RR} 11. a3 Qe7 12. b4 e5 13. dxe5
Nxe5 14. Nd4 Bg4 15. c5 Bc7 16. Qc2 Qd7 17. Rfe1 Bh3 18. Bh1 Re7 19. Qc3 Rae8
20. Rcd1 Neg4 21. Bf3 h5 22. Bg2 Bxg2 23. Kxg2 h4 24. Qf3 Re5 25. e3 Rh5 {
Lengyel,F (2295)-Laszlo,J (2255) Hajduboszormeny 1996 0-1 (33)}) ({RR} 11. Nh4
Bh7 12. f4 Ng4 13. Qe1 Ne3 14. Rf2 Ng4 15. Rf3 Be4 16. c5 Be7 17. Rfc3 Bxh4 18.
Nxe4 dxe4 19. h3 Ngf6 20. gxh4 Nd5 21. Rg3 f5 22. e3 Kh8 23. Bf1 Qxh4 24. Rg2
Qxe1 25. Rxe1 Kh7 {Zalys,I-Tanguay,A Montreal 1951 0-1 (47)}) 11... Qa5 12. a3
b5 13. b4 Qa6 14. c5 Bc7 15. Ra1 Qb7 16. Qb3 a5 17. Nh4 Bh7 18. f4 axb4 19.
axb4 Rxa1 20. Rxa1 Ra8 21. Ra3 Rxa3 22. Qxa3 Bc2 23. Nhf3 Nb8 24. Bh3 Bd1 25.
Kf2 Qa6 26. Qxa6 Nxa6 27. Bc3 Bxf3 28. Kxf3 g6 29. Bf1 Nd7 30. Bd3 f5 31. g4
Nf6 32. gxf5 gxf5 33. Nb1 Bd8 34. Be1 Nd7 35. Na3 Nc7 36. Nb1 Nf8 37. Kg3 Ng6
38. Kh3 Kg7 39. Be2 Nf8 40. Bh5 Nd7 41. Be2 Nf6 42. Nd2 Na6 43. Nf3 Bc7 44. Bd3
Ng4 45. Kg3 Nxe3 46. h3 Nd1 47. Bc2 Ne3 48. Bd3 Kf6 49. Bd2 Nc4 50. Bc3 Nb8 51.
Bxc4 bxc4 52. Nd2 Nd7 53. Nb1 Ke7 54. Na3 Nf6 55. Kf3 Ne4 56. Nb1 Kf7 57. Be1
Nf6 58. Nc3 Ke8 59. b5 cxb5 60. Nxb5 Kd7 61. Nc3 Ba5 62. Nxd5 Nxd5 63. Bxa5 c3
64. Kf2 Kc6 65. Ke1 Kb5 66. Bd8 Nxf4 67. h4 Nd3+ 68. Kd1 f4 69. Bc7 f3 70. Bg3
f2 71. Bxf2 Nxf2+ 72. Kc2 Ne4 73. Kd3 Kc6 74. Kc2 h5 75. Kd3 0-1

[Event "Floripa Chess Open 2024"]
[Site "Florianopolis"]
[Date "2024.01.25"]
[Round "7.115"]
[White "Grams, Leon Honke"]
[Black "Cezar, Ricardo De Almeida"]
[Result "0-1"]
[WhiteElo "1513"]
[BlackElo "1809"]
[PlyCount "76"]
[EventDate "2024.01.20"]
[EventRounds "10"]
[EventCountry "BRA"]

1. d4 d5 2. c4 c6 3. Nc3 Nf6 4. Nf3 e6 5. a3 dxc4 6. e4 ({RR} 6. Ng1 Ng8 7. Nb1
{1/2-1/2 (7) Draoui,N (2416)-Shchekachev,A (2561) Paris 2006}) 6... b5 7. Be2 (
{RR} 7. b3 cxb3 8. Qxb3 Be7 9. Be2 O-O 10. O-O Bb7 11. Rd1 a6 12. Bg5 Nbd7 13.
Rac1 Re8 14. e5 Nd5 15. Bxe7 Qxe7 16. Ne4 Rf8 17. Nd6 N7b6 18. Nd2 f5 19. Bf3
a5 20. Qc2 a4 21. Qc5 Nd7 {Bozic,M (2256)-Penagalapati,A (2133) chess.com INT
2021 1/2-1/2}) 7... Nbd7 8. Qc2 $146 ({RR} 8. O-O a6 9. Bf4 Bb7 10. Qc2 c5 11.
Rad1 Qb6 12. d5 exd5 13. exd5 Bd6 14. Bg5 O-O 15. Nh4 Rfe8 16. Nf5 Be5 17. Bf3
Bd4 18. Qd2 Re5 19. Qf4 Rae8 20. Bxf6 Qxf6 21. g4 g5 22. Qg3 Bxc3 {Rutter,
B-Khedkar,J Winnipeg 2002 1-0 (50)}) 8... Bb7 9. Bg5 h6 10. Bh4 Qb6 11. b3 cxb3
12. Qxb3 a6 13. O-O g5 14. Bg3 Be7 15. Rad1 O-O 16. Ne5 Rad8 17. h4 c5 18. d5
c4 19. Qb2 exd5 20. exd5 Bd6 21. hxg5 hxg5 22. Qd2 Nh7 23. Nxc4 bxc4 24. Rb1
Qc7 25. Bxd6 Qxd6 26. Rxb7 Ne5 27. Qd4 Rb8 28. Ne4 Qd8 29. Rxb8 Qxb8 30. Bxc4
Nxc4 31. Qxc4 Qe5 32. d6 Rd8 33. Qc7 Rf8 34. Nc5 Nf6 35. Nd7 Nxd7 36. Qxd7 Kg7
37. Rd1 Rh8 38. g3 Qe4 0-1